Alternatívne formy financovania malých a stredných podnikov diplomová práca

Salvato in:
Dettagli Bibliografici
Autore principale: Bučko, Patrik
Ente Autore: Podnikovohospodárska fakulta EU so sídlom v Košiciach. Katedra ekonómie
Altri autori: Gontkovičová, Barbora, 1986-
Natura: Libro
Lingua:slovacco
Pubblicazione: Košice 2023
Tags: Aggiungi Tag
Nessun Tag, puoi essere il primo ad aggiungerne!!

MARC

LEADER 00000nbm a2200000 4500
001 0292912
005 20240827091936.3
041 0 |a slo 
044 |a SK 
245 1 0 |a Alternatívne formy financovania malých a stredných podnikov  |b diplomová práca  |c Patrik Bučko ; školiteľ: Barbora Gontkovičová 
264 1 |a Košice  |c 2023 
300 |a 61 s. 
100 1 |a Bučko, Patrik 
700 1 |a Gontkovičová, Barbora, 1986- 
710 2 |a Podnikovohospodárska fakulta EU so sídlom v Košiciach. Katedra ekonómie